[Event "EU-ch Online U14"]
[Site "Tornelo INT"]
[Date "2020.09.20"]
[Round "7"]
[White "Kvikvinia, Teimuraz"]
[Black "Jaggy, Matteo"]
[Result "0-1"]
[WhiteElo "1601"]
[BlackElo "1435"]
[PlyCount "120"]
[EventDate "2020.09.18"]
[EventType "swiss (rapid)"]
[EventRounds "9"]
[EventCountry "ENG"]
[SourceTitle "EXT 2023"]
[Source "ChessBase"]
[SourceDate "2022.10.05"]
[SourceVersion "1"]
[SourceVersionDate "2022.10.05"]
[SourceQuality "1"]
[WhiteTeam "Georgia"]
[BlackTeam "Schweiz"]
[WhiteTeamCountry "GEO"]
[BlackTeamCountry "SUI"]

1. e4 c5 2. Nf3 e6 3. d4 cxd4 4. Nxd4 Nf6 5. Nc3 d6 6. Bg5 Be7 7. Qd2 h6 8. Bh4 a6 9. 0-0-0 Qc7 10. Bg3 Nh5 11. Be2 Nxg3 12. hxg3 Nd7 13. f4 b6 14. Bf3 Bb7 15. Kb1 0-0-0 16. Qe2 Kb8 17. Bh5 Rdf8 18. f5 e5 19. Nb3 Nf6 20. Bf3 Rc8 21. Nd2 b5 22. Nf1 b4 23. Nd5 Nxd5 24. exd5 Bg5 25. Be4 Qb6 26. Nh2 a5 27. Nf3 Bf6 28. Nd2 Rc7 29. b3 Rhc8 30. Nc4 Qc5 31. Qf3 Ka7 32. Qe3 Qxe3 33. Nxe3 Ba6 34. Bd3 Rc3 35. Bxa6 Kxa6 36. Nc4 Rxg3 37. Nxd6 Rc7 38. Ne4 Rxg2 39. Rc1 Bg5 40. d6 Rc8 41. d7 Rd8 42. Rcd1 Kb6 43. Rd5 Re2 44. Nd6 Rxd7 45. Nc4+ Kc7 46. Rxe5 Re7 47. Rc5+ Kb8 48. Rd1 Re1 49. Rcd5 Rxd1+ 50. Rxd1 h5 51. Nxa5 Kc7 52. Nc4 h4 53. a3 bxa3 54. Rg1 Bf6 55. Nxa3 h3 56. Rh1 Re3 57. Nc4 Rf3 58. Nd2 Rxf5 59. Rxh3 Rd5 60. Rh2 g5 0-1

[Event "EU-ch Online U14"]
[Site "Tornelo INT"]
[Date "2020.09.19"]
[Round "6"]
[White "Eliseev, Sergey1"]
[Black "Kvikvinia, Teimuraz"]
[Result "1-0"]
[WhiteElo "1815"]
[BlackElo "1601"]
[PlyCount "103"]
[EventDate "2020.09.18"]
[EventType "swiss (rapid)"]
[EventRounds "9"]
[EventCountry "ENG"]
[SourceTitle "EXT 2023"]
[Source "ChessBase"]
[SourceDate "2022.10.05"]
[SourceVersion "1"]
[SourceVersionDate "2022.10.05"]
[SourceQuality "1"]
[WhiteTeam "Norway"]
[BlackTeam "Georgia"]
[WhiteTeamCountry "NOR"]
[BlackTeamCountry "GEO"]

1. e4 c5 2. Nf3 e6 3. b3 Nc6 4. Bb2 a6 5. d4 Qf6 6. e5 Qd8 7. d5 Nce7 8. d6 Nc6 9. Bd3 g6 10. Be4 Bg7 11. Bxc6 dxc6 12. Nbd2 f6 13. Ne4 b6 14. 0-0 f5 15. Ned2 Nh6 16. a4 Nf7 17. a5 b5 18. b4 Nxd6 19. exd6 Bxb2 20. bxc5 0-0 21. Ra2 Bg7 22. Re1 Qf6 23. Ne5 Qd8 24. Nxc6 Qd7 25. Ne5 Bxe5 26. Rxe5 Bb7 27. Nb3 Rfc8 28. Ra1 Bd5 29. Qd4 Rc6 30. Rae1 Bc4 31. Nd2 Ba2 32. Nb3 Re8 33. Qb2 Bxb3 34. cxb3 Qg7 35. b4 Qd7 36. Qe2 Kf7 37. Qe3 Rcc8 38. h3 Rc6 39. Qh6 Kg8 40. Qg5 Kf7 41. h4 Rcc8 42. g3 Rc6 43. Qh6 Kg8 44. h5 Qf7 45. hxg6 hxg6 46. Qe3 Rcc8 47. Rxe6 Rxe6 48. Qxe6 Qxe6 49. Rxe6 Kf7 50. Re7+ Kf6 51. f4 Rc6 52. Rc7 1-0

[Event "Wch U10"]
[Site "Batumi"]
[Date "2016.10.26"]
[Round "7"]
[White "Kvikvinia, Teimuraz"]
[Black "Larichev, Prokhor"]
[Result "1-0"]
[WhiteElo "1473"]
[BlackElo "1623"]
[PlyCount "103"]
[EventDate "2016.10.19"]
[EventType "swiss"]
[EventRounds "11"]
[EventCountry "GEO"]
[SourceTitle "CBM 175 Extra"]
[Source "ChessBase"]
[SourceDate "2016.12.12"]
[SourceVersion "1"]
[SourceVersionDate "2016.12.12"]
[SourceQuality "1"]

1. e4 c5 2. Nf3 e6 3. c3 Nf6 4. e5 Nd5 5. Bc4 Nb6 6. Bb3 Nc6 7. 0-0 Be7 8. d4 cxd4 9. cxd4 d5 10. Nc3 0-0 11. Bc2 f5 12. Ne1 Nc4 13. Bb3 N4a5 14. Bc2 Qb6 15. Nf3 a6 16. Rb1 Qc7 17. Bf4 Qd8 18. a3 Nc4 19. Bd3 Nb6 20. Be2 Bd7 21. b4 Rc8 22. Qb3 Qc7 23. Rfc1 Qd8 24. Rd1 Kh8 25. g3 g5 26. Bc1 g4 27. Ne1 Rg8 28. Ng2 Qe8 29. Be3 Qf7 30. Rbc1 Rc7 31. Qb2 Rgc8 32. Rf1 Qg7 33. f3 Bg5 34. Qd2 Bxe3+ 35. Qxe3 gxf3 36. Rxf3 Ne7 37. Rff1 Nc4 38. Bxc4 Rxc4 39. Ne2 Bb5 40. Rxc4 Bxc4 41. Rc1 Nc6 42. Nc3 b5 43. Nf4 Qf7 44. Nd3 Bxd3 45. Qxd3 Ne7 46. Ne2 Qh5 47. Rc3 Rxc3 48. Nxc3 Nc6 49. Ne2 Qf7 50. Qc3 Qd7 51. Qc5 Kg7 52. Nf4 1-0

[Event "Wch U10"]
[Site "Batumi"]
[Date "2016.10.24"]
[Round "6"]
[White "Fiszer, Bartosz"]
[Black "Kvikvinia, Teimuraz"]
[Result "1/2-1/2"]
[WhiteElo "1676"]
[BlackElo "1473"]
[PlyCount "66"]
[EventDate "2016.10.19"]
[EventType "swiss"]
[EventRounds "11"]
[EventCountry "GEO"]
[SourceTitle "CBM 175 Extra"]
[Source "ChessBase"]
[SourceDate "2016.12.12"]
[SourceVersion "1"]
[SourceVersionDate "2016.12.12"]
[SourceQuality "1"]

1. e4 c5 2. Nf3 Nc6 3. Bb5 d6 4. 0-0 e5 5. h3 Nf6 6. Re1 Be7 7. c3 0-0 8. d4 Qc7 9. Na3 cxd4 10. cxd4 exd4 11. Nxd4 Nxd4 12. Qxd4 a6 13. Be2 Be6 14. Be3 d5 15. Rac1 Qd7 16. exd5 Nxd5 17. Nc4 Bf6 18. Ne5 Qe7 19. a3 Nxe3 20. Qxe3 h6 21. Bg4 Bxg4 22. Nxg4 Qxe3 23. Nxf6+ gxf6 24. Rxe3 Rac8 25. Rec3 Rxc3 26. Rxc3 Re8 27. Rc7 b5 28. Rc6 a5 29. Rxf6 Re2 30. b3 Ra2 31. Rf5 Rxa3 32. Rxb5 a4 33. bxa4 Rxa4 1/2-1/2

[Event "Wch U10"]
[Site "Batumi"]
[Date "2016.10.19"]
[Round "1"]
[White "Pranav, V."]
[Black "Kvikvinia, Teimuraz"]
[Result "1-0"]
[WhiteElo "1994"]
[BlackElo "1473"]
[PlyCount "41"]
[EventDate "2016.10.19"]
[EventType "swiss"]
[EventRounds "11"]
[EventCountry "GEO"]
[SourceTitle "CBM 175 Extra"]
[Source "ChessBase"]
[SourceDate "2016.12.12"]
[SourceVersion "1"]
[SourceVersionDate "2016.12.12"]
[SourceQuality "1"]

1. e4 Nf6 2. e5 Nd5 3. d4 d6 4. c4 Nb6 5. f4 dxe5 6. fxe5 Nc6 7. Be3 Bf5 8. Nc3 e6 9. Nf3 Be7 10. Be2 0-0 11. 0-0 Bg6 12. Qd2 h6 13. Rad1 Bh5 14. h3 Bxf3 15. Rxf3 Bg5 16. Rg3 Bxe3+ 17. Qxe3 Kh8 18. Ne4 Ne7 19. Rf3 Nf5 20. Qf2 Qh4 21. Rxf5 1-0